000 00525nam a2200181Ia 4500
999 _c6888
_d6888
003 OSt
005 20200124114056.0
008 190216s9999||||xx |||||||||||||| ||und||
020 _a8183180973
040 _coclc
082 _a658.84
_bGOP/E
100 _aGopalkrishna, D
_91460
245 0 _aElectronic Commerce : Emerging Trends /
_cGopalkrishna, D
250 _a1st ed.
260 _bHimalaya Publishing House,
_aMumbai:
_c2005.
300 _a191p
942 _cBK
_2ddc
_h658.84
_iGOP/E
_k658.84
_mGOP/E